| 000 | 01031cad a22002535a 4500 | ||
|---|---|---|---|
| 001 | L159007 | ||
| 008 | 121219e2015 xxk 000 0 eng d | ||
| 035 | _a(Sirsi) u159007 | ||
| 041 | 0 | _aeng | |
| 100 | 1 | _aAskew, J. | |
| 245 | 0 | 0 |
_aWhen market value is not enough _h[electronic resource] |
| 260 | _c2015 | ||
| 490 |
_aRICS Property Journal _vDecember 2015 - January 2016, 16-17(2) |
||
| 520 | _aArgues that sustainable value offers many benefits to both the valuation and property industry, providing a reality check in times of over-inflated optimism and hope when markets bottom out. | ||
| 650 | 2 | 4 | _aSUSTAINABLE VALUE |
| 650 | 2 | 4 | _aMORTGAGE LENDING VALUE |
| 650 | 2 | 4 | _aDISCOUNTED CASH FLOW VALUATION |
| 650 | 2 | 4 | _aVACANT POSSESSION VALUE |
| 651 | 4 |
_aUnited Kingdom _y |
|
| 690 |
_aCommercial property _96227 |
||
| 710 |
_aRoyal Institution of Chartered Surveyors _94900 |
||
| 856 | 4 | 0 |
_uhttps://www.rics.org/uk/news/journals/property-journal _zView the journal free of charge at www.rics.org/journals... |
| 942 | _n0 | ||
| 999 |
_c84767 _d84767 |
||